| 000 | 00000nam##2200000za#4500 |
| 001 | 9.565204 |
| 003 | CaOODSP |
| 005 | 20210624175709 |
| 007 | cr ||||||||||| |
| 008 | 150406|2007||||xxc|||||o f|0| 0 eng|d |
| 040 | |aCaOODSP|beng |
| 043 | |an-cn--- |
| 086 | 1 |aNH18-24/54-2007E-PDF |
| 110 | 2 |aCanada Mortgage and Housing Corporation. |
| 245 | 10|aUnderstanding your new home sales contract |h[electronic resource] |
| 260 | |bCanada Mortgage and Housing Corporation |cc2004, revised 2007. |
| 300 | |a12p.|btables |
| 490 | 1 |aAbout your house |vCE54 |
| 590 | |a08-48|b2008-11-28 |
| 775 | 08|tComprendre le contrat de vente de votre maison neuve |w(CaOODSP)9.596805 |
| 776 | 0#|tUnderstanding your new home sales contract |w(CaOODSP)9.619135 |
| 830 | #0|aAbout your house ;|vCE54|w(CaOODSP)9.505388 |
| 856 | 40|ahttp://publications.gc.ca|qPDF|s241 KB|uhttps://publications.gc.ca/collections/collection_2008/cmhc-schl/nh18-24/NH18-24-54-2007E.pdf|yCE54 |